| 000 | 00401nam a2200169Ia 4500 | ||
|---|---|---|---|
| 003 | SGT | ||
| 020 | _a9789350063385 | ||
| 082 |
_a530 _bSIN |
||
| 100 | _aSingh,S.P | ||
| 245 | _aAdvanced practical physics | ||
| 250 | _a17th . Ed. | ||
| 260 |
_bPragati Prakashan _aN.Delhi _c2013 |
||
| 300 | _a384p. | ||
| 650 | _aPHYSICS | ||
| 653 | _aDETERMINATION OF YOUNG,S MODULUS, MEASUREMENT | ||
| 942 |
_2ddc _cBK |
||
| 999 |
_c5135 _d5135 |
||